000 01601cam a2200385 a 4500
001 12822486
003 OSt
005 20230605120943.0
008 990820s1999 enkab b 001 0 eng d
010 _a 2002405346
015 _aGB99-Z6167
020 _a1856496678
020 _a1856496686 (pbk.)
035 _a(MH)MHBNB13777HU
035 _a(OCoLC)40608901
035 _a(CStRLIN)MAHGBNB13777-B
040 _a*UKM*
_c*UKM*
_d*C#P*
_dCStRLIN
_dDLC
042 _alccopycat
043 _af------
050 0 0 _aHD9685.A42
_bR44 1999
082 _a330.7932
_bBHA
245 0 0 _aReforming the power sector in Africa /
_cedited and introduced by M.R. Bhagavan.
260 _aLondon ;
_aNew York :
_bZed Books, Ltd. ;
_aNairobi, Kenya :
_bIn association with African Energy Policy Research Network ;
_aNew York :
_bDistributed in the USA exclusively by St. Martin's Press,
_c1999.
300 _axix, 380 p. :
_bill., maps ;
_c22 cm.
440 0 _aAfrican energy policy research series
504 _aIncludes bibliographical references (p. 353-366) and index.
650 0 _aElectric utilities
_zAfrica.
700 1 _aBhagavan, M. R.,
_d1934-
856 4 2 _3Contributor biographical information
_uhttp://www.loc.gov/catdir/bios/hol058/2002405346.html
856 4 2 _3Publisher description
_uhttp://www.loc.gov/catdir/description/hol052/2002405346.html
856 4 1 _3Table of contents
_uhttp://www.loc.gov/catdir/toc/hol051/2002405346.html
906 _a7
_bcbc
_ccopycat
_d2
_encip
_f20
_gy-gencatlg
942 _2ddc
_cBK
999 _c358
_d358